Def Leppard Songs on the Billboard Hot 100 Chart (USA) - Statistics

General Stats
  • This quiz has been taken 237 times
  • The average score is 11 of 19
Answer Stats
Highest Chart Position, Year Answer % Correct
2, 1988 Pour Some Sugar On Me
96%
10, 1988 Hysteria
90%
12, 1983 Photograph
86%
1, 1988 Love Bites
84%
19, 1987 Animal
82%
16, 1983 Rock of Ages
73%
12, 1989 Rocket
71%
3. 1989 Armageddon It
69%
15, 1992 Let's Get Rocked
61%
28, 1983 Foolin'
56%
80, 1987 Women
56%
61, 1984 Bringin' On The Heartbreak
52%
12, 1993 Two Steps Behind
42%
12, 1992 Have You Ever Needed Someone So Bad
38%
58, 1996 When Love & Hate Collide
38%
36, 1992 Make Love Like a Man
30%
34, 1993 Stand Up (Kick Love Into Motion)
26%
39, 1994 Miss You in a Heartbeat
18%
62, 1993 Tonight
18%
No matching quizzes found
Score Distribution
Percent of People with Each Score
Percentile by Number Answered
Your Score History
You have not taken this quiz